00736cam a22002051 4500001000800000005001700008008004100025010001700066040001800083041000800101080001000109082001400119100000700133101000800140245019500148906004500343942001200388999001700400952011300417216529020180123041125.0730410s1957 ilua 000 0 eng  a 57002291  aDLCcDLCdDLC aeng a649.100a649.1 SEA1 a46 aEDU10aPatterns of child rearing,cby Robert R. Sears, Eleanor E. Maccoby [and] Harry Levin, in collaboration with Edgar L. Lowell, Pauline S. Sears, and John W. M. Whiting. Illus. by Jean Berwick. a7bcbccorignewdueocipf19gy-gencatlg 2ddccBK c40729d40729 00102udc40708PËKGa002b002cPËKGd2018-01-23l0o649.1 SEAp002-2996293r2018-01-23w2018-01-23yBK